00441nam a2200109Ia 4500008004100000100001500041245009100056245001500147260000900162650001300171856014700184170221s9999 xx 000 0 und d aKashif Beg aDeterminants of Financial Self Sufficiency of Andhra Pradesh Microfinance Institutions cKashif Beg c2014 xBusiness uhttp://www.omicsgroup.org/journals/determinants-of-financial-self-sufficiency-of-andhra-pradeshmicrofinance-institutions-2167-0234-1000209.pdf